=LDR 00000nam 2200000 4500 =001 INLIS000000000056438 =005 20200904070416 =035 ##$$a 0010-0920000069 =007 ta =008 200904###########################0#eng## =020 ##$$a 962-593-004-3 =082 ##$$a 915.959 82 =084 ##$$a 915.959 82 Jav j =245 ##$$a Java garden of the east /$c Java garden of the east =300 ##$$a 398 halaman : $b Ilustrasi ; $c 23 cm =500 ##$$a Indeks : halaman 388 - 397 =650 #4$$a Jawa - Diskripsi dan perjalanan =264 ##$$a Netherlands :$b Periplus editions,$c 1994 =336 ##$$a Teks$2 rdacontent =337 ##$$a lain-lain$2 rdamedia =338 ##$$a lain-lain$2 rdacarrier =990 ##$$a 1257012570